<?xml version="1.0" encoding="UTF-8"?>
<record
    xmlns:xsi="http://www.w3.org/2001/XMLSchema-instance"
    xsi:schemaLocation="http://www.loc.gov/MARC21/slim http://www.loc.gov/standards/marcxml/schema/MARC21slim.xsd"
    xmlns="http://www.loc.gov/MARC21/slim">

  <leader>02314nam a22002057a 4500</leader>
  <controlfield tag="003">OSt</controlfield>
  <controlfield tag="005">20260406083833.0</controlfield>
  <controlfield tag="008">260406b        |||||||| |||| 00| 0 SPA d</controlfield>
  <datafield tag="082" ind1=" " ind2=" ">
    <subfield code="2">9586771164</subfield>
  </datafield>
  <datafield tag="100" ind1=" " ind2=" ">
    <subfield code="a">Zamora Editores</subfield>
  </datafield>
  <datafield tag="245" ind1=" " ind2=" ">
    <subfield code="a">Biblioteca Pr&#xE1;ctica de Consulta del Nuevo Milenio: Mitolog&#xED;a</subfield>
  </datafield>
  <datafield tag="250" ind1=" " ind2=" ">
    <subfield code="a">volumen 2</subfield>
  </datafield>
  <datafield tag="260" ind1=" " ind2=" ">
    <subfield code="a">Bogot&#xE1;, Colombia</subfield>
    <subfield code="b">Zamora Editores Ltda</subfield>
    <subfield code="c">2000</subfield>
  </datafield>
  <datafield tag="300" ind1=" " ind2=" ">
    <subfield code="a"> 24 x 17 cm</subfield>
    <subfield code="b">400 gramos.</subfield>
    <subfield code="c">180 p&#xE1;ginas.</subfield>
    <subfield code="e">Ilustraciones: Contiene dibujos y l&#xE1;minas a color que facilitan la comprensi&#xF3;n de los mitos y deidades. Cuestionarios y Actividades: Al final de las secciones incluye evaluaciones breves para reafirmar los conocimientos adquiridos. Glosario: Un apartado de t&#xE9;rminos t&#xE9;cnicos sobre religiones y filosof&#xED;a para ampliar el vocabulario.</subfield>
  </datafield>
  <datafield tag="490" ind1=" " ind2=" ">
    <subfield code="3">Tapa blanda</subfield>
  </datafield>
  <datafield tag="520" ind1=" " ind2=" ">
    <subfield code="a">Este volumen de la Biblioteca Pr&#xE1;ctica de Consulta del Nuevo Milenio es una gu&#xED;a introductoria dise&#xF1;ada para explicar c&#xF3;mo las antiguas civilizaciones interpretaban el mundo a trav&#xE9;s de lo sagrado y lo fant&#xE1;stico.
El libro se divide principalmente en tres grandes ejes:
Mitolog&#xED;a Cl&#xE1;sica y Universal: Explora a fondo los dioses y h&#xE9;roes de la Grecia y Roma antiguas (Zeus, Atenea, H&#xE9;rcules, etc.), detallando sus mitos de creaci&#xF3;n y las leyendas que explicaban fen&#xF3;menos naturales. Tambi&#xE9;n hace un recorrido breve por mitolog&#xED;as de otras culturas.
Historia de las Religiones: Analiza el surgimiento de las grandes creencias espirituales de la humanidad, desde el animismo primitivo hasta las religiones monote&#xED;stas modernas, buscando puntos de encuentro entre ellas.
Filosof&#xED;a y Comunicaci&#xF3;n: Dedica secciones a explicar c&#xF3;mo el pensamiento humano evolucion&#xF3; del mito al logos (la raz&#xF3;n), y c&#xF3;mo el lenguaje y la comunicaci&#xF3;n han sido herramientas clave para transmitir estas historias de generaci&#xF3;n en generaci&#xF3;n.
Enfoque pedag&#xF3;gico:
A diferencia de un diccionario enciclop&#xE9;dico seco, este tomo utiliza un lenguaje sencillo y did&#xE1;ctico, ideal para estudiantes. Su objetivo es que el lector comprenda que la mitolog&#xED;a no son solo "cuentos viejos", sino la base de la cultura, el arte y la literatura occidental.</subfield>
  </datafield>
  <datafield tag="650" ind1=" " ind2=" ">
    <subfield code="a">Mitolog&#xED;a comparada</subfield>
    <subfield code="x">Diccionarios, Manuales, Instrucci&#xF3;n y estudio</subfield>
    <subfield code="y"> 2000</subfield>
  </datafield>
  <datafield tag="700" ind1=" " ind2=" ">
    <subfield code="a">Zamora Editores</subfield>
  </datafield>
  <datafield tag="942" ind1=" " ind2=" ">
    <subfield code="2">ddc</subfield>
    <subfield code="c">BKA</subfield>
    <subfield code="n">0</subfield>
  </datafield>
  <datafield tag="952" ind1=" " ind2=" ">
    <subfield code="0">0</subfield>
    <subfield code="1">0</subfield>
    <subfield code="2">ddc</subfield>
    <subfield code="4">0</subfield>
    <subfield code="7">0</subfield>
    <subfield code="8">F02</subfield>
    <subfield code="a">ISUS</subfield>
    <subfield code="b">ISUS</subfield>
    <subfield code="c">Biblioteca Abierta</subfield>
    <subfield code="d">2026-04-06</subfield>
    <subfield code="f">0463</subfield>
    <subfield code="i">0463</subfield>
    <subfield code="l">0</subfield>
    <subfield code="o">0463</subfield>
    <subfield code="p">BIBLIO0463</subfield>
    <subfield code="r">2026-04-06 08:32:45</subfield>
    <subfield code="t">1</subfield>
    <subfield code="w">2026-04-06</subfield>
    <subfield code="y">BKA</subfield>
  </datafield>
  <datafield tag="999" ind1=" " ind2=" ">
    <subfield code="c">2039</subfield>
    <subfield code="d">2039</subfield>
  </datafield>
</record>
